[Event "Hessen-ch Seniors op 10th"]
[Site "Bad Sooden-Allendorf"]
[Date "2014.04.29"]
[Round "4"]
[White "Fromme, Werner"]
[Black "Wilfert, Eva Maria"]
[Result "1/2-1/2"]
[WhiteElo "1920"]
[BlackElo "1703"]
[PlyCount "40"]
[EventDate "2014.04.26"]
[EventType "swiss"]
[EventRounds "9"]
[EventCountry "GER"]
[SourceTitle "EXT 2018"]
[Source "ChessBase"]
[SourceDate "2017.10.13"]
[SourceVersion "1"]
[SourceVersionDate "2017.10.13"]
[SourceQuality "1"]

1. d4 d5 2. Nf3 Bf5 3. g3 Nf6 4. Bg2 c6 5. 0-0 Qd7 6. Nbd2 Bh3 7. Ne5 Qc8 8. Ndf3 Bxg2 9. Kxg2 h6 10. h3 Nbd7 11. Nxd7 Nxd7 12. Bf4 g5 13. Be3 Bg7 14. c3 0-0 15. Qd3 f5 16. Nh2 e5 17. dxe5 Nxe5 18. Qc2 Nc4 19. Bd4 Qd7 20. Rad1 a6 1/2-1/2

[Event "Hessen-ch Seniors op 10th"]
[Site "Bad Sooden-Allendorf"]
[Date "2014.04.27"]
[Round "2"]
[White "Fromme, Werner"]
[Black "Girod, Gudrun"]
[Result "1/2-1/2"]
[WhiteElo "1920"]
[BlackElo "1565"]
[PlyCount "76"]
[EventDate "2014.04.26"]
[EventType "swiss"]
[EventRounds "9"]
[EventCountry "GER"]
[SourceTitle "EXT 2018"]
[Source "ChessBase"]
[SourceDate "2017.10.13"]
[SourceVersion "1"]
[SourceVersionDate "2017.10.13"]
[SourceQuality "1"]

1. d4 d5 2. g3 e6 3. Bg2 Nf6 4. Nf3 Be7 5. 0-0 h6 6. c4 c6 7. c5 0-0 8. Ne5 Nbd7 9. f4 Nxe5 10. fxe5 Nd7 11. Bh3 b6 12. b4 bxc5 13. bxc5 Nb8 14. Nc3 Ba6 15. Rf3 Bc4 16. Bd2 Na6 17. Qa4 Qc7 18. Rb1 Rab8 19. Rff1 Kh8 20. Rxb8 Rxb8 21. Rxf7 Rf8 22. Rxf8+ Bxf8 23. Bxe6 Be7 24. Qc2 Nxc5 25. dxc5 Bxc5+ 26. Kg2 Qxe5 27. Bg4 Qd4 28. Kh3 Qg1 29. Qf5 Qf2 30. Qxf2 Bxf2 31. a4 Bb3 32. a5 Bc5 33. Bf3 Bb4 34. Nb1 Bd6 35. e3 Bc2 36. Nc3 Bb4 37. Nb1 Bd6 38. Nc3 Bb4 1/2-1/2

[Event "Hessen-ch Seniors op 09th"]
[Site "Bad Sooden-Allendorf"]
[Date "2013.04.24"]
[Round "5"]
[White "Fromme, Werner"]
[Black "Hielscher, Klaus Wieprecht"]
[Result "1-0"]
[WhiteElo "1926"]
[BlackElo "1814"]
[PlyCount "60"]
[EventDate "2013.04.20"]
[EventType "swiss"]
[EventRounds "9"]
[EventCountry "GER"]
[SourceTitle "EXT 2019"]
[Source "ChessBase"]
[SourceDate "2018.10.10"]
[SourceVersion "1"]
[SourceVersionDate "2018.10.10"]
[SourceQuality "1"]

1. d4 Nf6 2. g3 e6 3. Bg2 d5 4. Bg5 Nbd7 5. Nd2 h6 6. Bxf6 Nxf6 7. e3 b6 8. c4 c6 9. Qa4 Bd7 10. Qb3 Bd6 11. f4 0-0 12. Ne2 a5 13. a4 Bb4 14. Nc3 Ng4 15. Ke2 Rb8 16. h3 Nf6 17. Qc2 Nh5 18. Kf2 f5 19. Bf3 Nf6 20. b3 Be8 21. Rag1 Ne4+ 22. Ncxe4 dxe4 23. Be2 Qf6 24. h4 h5 25. Nb1 g6 26. Rc1 c5 27. Rhd1 cxd4 28. Rxd4 Bc5 29. Rdd1 e5 30. Rh1 Qd6 1-0

[Event "Hessen-ch Seniors op 08th"]
[Site "Bad Sooden-Allendorf"]
[Date "2012.04.18"]
[Round "5"]
[White "Fromme, Werner"]
[Black "Just, Joachim"]
[Result "1/2-1/2"]
[WhiteElo "1928"]
[BlackElo "2030"]
[PlyCount "43"]
[EventDate "2012.04.14"]
[EventType "swiss"]
[EventRounds "9"]
[EventCountry "GER"]
[SourceTitle "EXT 2019"]
[Source "ChessBase"]
[SourceDate "2018.10.10"]
[SourceVersion "1"]
[SourceVersionDate "2018.10.10"]
[SourceQuality "1"]

1. d4 g6 2. c4 Bg7 3. Nc3 c6 4. e4 d6 5. Be3 e5 6. d5 c5 7. Bd3 Ne7 8. Nge2 f5 9. f4 0-0 10. 0-0 Nd7 11. Qd2 a6 12. Rab1 exf4 13. Nxf4 Ne5 14. Be2 g5 15. Ne6 Bxe6 16. dxe6 f4 17. Bf2 N5c6 18. Bh5 Nd4 19. Bxd4 Bxd4+ 20. Kh1 Qa5 21. Qc2 Be5 22. Nd5 1/2-1/2

[Event "Hessen-ch Seniors op 08th"]
[Site "Bad Sooden-Allendorf"]
[Date "2012.04.16"]
[Round "3"]
[White "Fromme, Werner"]
[Black "Reinhold, Klaus"]
[Result "0-1"]
[WhiteElo "1928"]
[BlackElo "2120"]
[PlyCount "72"]
[EventDate "2012.04.14"]
[EventType "swiss"]
[EventRounds "9"]
[EventCountry "GER"]
[SourceTitle "EXT 2019"]
[Source "ChessBase"]
[SourceDate "2018.10.10"]
[SourceVersion "1"]
[SourceVersionDate "2018.10.10"]
[SourceQuality "1"]

1. d4 d5 2. Nf3 Nf6 3. e3 Bg4 4. Be2 e6 5. c4 dxc4 6. Qa4+ c6 7. Qxc4 Nbd7 8. a4 a5 9. Nc3 Bb4 10. 0-0 0-0 11. h3 Bh5 12. Rd1 Qe7 13. Ne1 Bxe2 14. Qxe2 Nd5 15. Bd2 N5b6 16. e4 e5 17. Nf3 exd4 18. Nxd4 Rfe8 19. Nf5 Qe6 20. Qg4 Qg6 21. Qxg6 hxg6 22. Ng3 Nc5 23. Be3 Ncd7 24. Bxb6 Nxb6 25. Nge2 Rad8 26. b3 Nd7 27. f3 Nc5 28. Rab1 Rxd1+ 29. Nxd1 Rd8 30. Nf2 Rd2 31. Kf1 Kf8 32. Ng4 Rd3 33. Ne5 Rxb3 34. Rxb3 Nxb3 35. Nd7+ Ke7 36. Nb6 Nd2+ 0-1

[Event "Hessen-ch Seniors op 07th"]
[Site "Bad Sooden-Allendorf"]
[Date "2011.05.07"]
[Round "8"]
[White "Fromme, Werner"]
[Black "Knaak, Hans"]
[Result "1/2-1/2"]
[WhiteElo "1667"]
[BlackElo "1529"]
[PlyCount "51"]
[EventDate "2011.04.30"]
[EventType "swiss"]
[EventRounds "9"]
[EventCountry "GER"]
[SourceTitle "EXT 2012"]
[Source "ChessBase"]
[SourceDate "2011.11.24"]
[SourceVersion "1"]
[SourceVersionDate "2011.11.24"]
[SourceQuality "1"]

1. d4 Nf6 2. Nf3 g6 3. c4 Bg7 4. Nc3 d5 5. e3 0-0 6. h3 a6 7. cxd5 Nxd5 8. Bd3 e6 9. 0-0 b6 10. Qe2 Nc6 11. Rd1 Bb7 12. a3 Na5 13. Bc2 b5 14. Ne4 Bc6 15. Nc5 Nb7 16. Nd3 Nd6 17. Nde5 Bb7 18. Bd2 Nb6 19. e4 Nbc4 20. Nxc4 Nxc4 21. Bc3 Re8 22. Bd3 Nb6 23. Bc2 Nc4 24. Bb3 Nd6 25. Bc2 Nc4 26. Bb3 1/2-1/2

[Event "Hessen-ch Seniors op 04th"]
[Site "Bad Sooden-Allendorf"]
[Date "2008.05.02"]
[Round "9"]
[White "Fromme, Werner"]
[Black "Aepfler, Gerhard"]
[Result "0-1"]
[WhiteElo "1709"]
[BlackElo "1775"]
[PlyCount "62"]
[EventDate "2008.04.24"]
[EventType "swiss"]
[EventRounds "9"]
[EventCountry "GER"]
[SourceTitle "EXT 2022"]
[Source "ChessBase"]
[SourceDate "2021.10.06"]
[SourceVersion "1"]
[SourceVersionDate "2021.10.06"]
[SourceQuality "1"]

1. d4 d5 2. Nf3 c5 3. c4 cxd4 4. Nxd4 e5 5. Nf3 d4 6. e4 Nc6 7. a3 f5 8. Bg5 Nf6 9. Bxf6 Qxf6 10. Bd3 f4 11. Nbd2 g5 12. h3 h5 13. Ng1 g4 14. Qc2 a5 15. b3 Bc5 16. Qb2 Rg8 17. hxg4 hxg4 18. 0-0-0 Qe7 19. Nb1 Be6 20. Ne2 Kd7 21. Kc2 Rab8 22. Qc1 Qf7 23. f3 b5 24. Nd2 a4 25. cxb5 Na5 26. bxa4 Rbc8 27. Kb1 Ba2+ 28. Ka1 Bb3 29. Rdf1 Bxa4 30. Qb2 Nb3+ 31. Kb1 Bxa3 0-1

[Event "Ruhrgebiet VK3 0708"]
[Site "Germany"]
[Date "2008.02.17"]
[Round "6.8"]
[White "Bernhard, Alfred"]
[Black "Fromme, Werner"]
[Result "1/2-1/2"]
[WhiteElo "1839"]
[BlackElo "1914"]
[PlyCount "54"]
[EventDate "2007.09.16"]
[EventType "team"]
[EventRounds "9"]
[EventCountry "GER"]
[SourceTitle "EXT 2009"]
[Source "ChessBase"]
[SourceDate "2008.11.26"]
[SourceVersion "1"]
[SourceVersionDate "2008.11.26"]
[SourceQuality "1"]
[WhiteTeam "Oberhausen III"]
[BlackTeam "Witten"]
[WhiteTeamCountry "GER"]
[BlackTeamCountry "GER"]

1. b4 d5 2. Bb2 e6 3. Nf3 Nd7 4. e3 Ngf6 5. a3 Be7 6. c4 dxc4 7. Bxc4 0-0 8. 0-0 c5 9. bxc5 Nxc5 10. Qc2 Nce4 11. Bd3 Qd5 12. Nc3 Nxc3 13. Bxc3 h6 14. h3 Rd8 15. Ne5 Bd7 16. e4 Qc5 17. Qb2 Qc7 18. Rfc1 Qb6 19. Qxb6 axb6 20. Nxd7 Nxd7 21. a4 Nc5 22. Bc2 Nd3 23. Rcb1 Bc5 24. Bxd3 Rxd3 25. Rb5 Bd4 26. Bxd4 Rxd4 27. Rxb6 Rdxa4 1/2-1/2

[Event "Ruhrgebiet VK3 0708"]
[Site "Germany"]
[Date "2008.01.20"]
[Round "5.8"]
[White "Fromme, Werner"]
[Black "Specht, Ingo"]
[Result "0-1"]
[WhiteElo "1665"]
[BlackElo "1712"]
[PlyCount "80"]
[EventDate "2007.09.16"]
[EventType "team"]
[EventRounds "9"]
[EventCountry "GER"]
[SourceTitle "EXT 2009"]
[Source "ChessBase"]
[SourceDate "2008.11.26"]
[SourceVersion "1"]
[SourceVersionDate "2008.11.26"]
[SourceQuality "1"]
[WhiteTeam "Witten"]
[BlackTeam "Boenen SV"]
[WhiteTeamCountry "GER"]
[BlackTeamCountry "GER"]

1. d4 Nf6 2. Nf3 g6 3. c4 Bg7 4. Nc3 0-0 5. e4 d6 6. Be2 e5 7. d5 a5 8. 0-0 Na6 9. Ne1 Nc5 10. f3 Nh5 11. Be3 f5 12. Nd3 Nxd3 13. Bxd3 f4 14. Bf2 g5 15. c5 Rf7 16. cxd6 cxd6 17. Rc1 Bf8 18. Be2 Rg7 19. Na4 Nf6 20. Nb6 Rb8 21. Nxc8 Rxc8 22. h3 h5 23. Qd3 Qe8 24. Rc3 Rxc3 25. bxc3 g4 26. hxg4 hxg4 27. fxg4 Nxg4 28. Bxg4 Rxg4 29. Qf3 Rg7 30. Rb1 Qa4 31. Rb2 Qa3 32. Re2 b5 33. Kf1 Be7 34. Qh3 Qc1+ 35. Re1 Qd2 36. Re2 Qd1+ 37. Re1 Qa4 38. Re2 b4 39. cxb4 axb4 40. Re1 Qxa2 0-1

[Event "Hessen-ch Seniors op 03rd"]
[Site "Bad Sooden-Allendorf"]
[Date "2007.05.06"]
[Round "9"]
[White "Fromme, Werner"]
[Black "Van Houten, Henk"]
[Result "1/2-1/2"]
[WhiteElo "1665"]
[BlackElo "1569"]
[PlyCount "53"]
[EventDate "2007.04.27"]
[EventType "swiss"]
[EventRounds "9"]
[EventCountry "GER"]
[SourceTitle "EXT 2022"]
[Source "ChessBase"]
[SourceDate "2021.10.06"]
[SourceVersion "1"]
[SourceVersionDate "2021.10.06"]
[SourceQuality "1"]

1. d4 d5 2. Nf3 h6 3. Bf4 Nf6 4. e3 e6 5. Nbd2 Bd6 6. Bd3 Bxf4 7. exf4 Nbd7 8. Ne5 Nxe5 9. fxe5 Nd7 10. 0-0 c5 11. c3 c4 12. Bc2 Qb6 13. b4 Qd8 14. f4 Nf8 15. Qg4 g6 16. a4 a6 17. Qg3 Bd7 18. Nf3 Qe7 19. Qf2 0-0-0 20. Rfb1 b6 21. h3 Kc7 22. Nh2 Bc8 23. Ng4 Nd7 24. a5 b5 25. Ne3 Nb8 26. Ng4 Nd7 27. Ne3 1/2-1/2

[Event "Hessen-ch Seniors op 03rd"]
[Site "Bad Sooden-Allendorf"]
[Date "2007.05.05"]
[Round "8"]
[White "Hensel, Dorothea"]
[Black "Fromme, Werner"]
[Result "1/2-1/2"]
[WhiteElo "1551"]
[BlackElo "1665"]
[PlyCount "40"]
[EventDate "2007.04.27"]
[EventType "swiss"]
[EventRounds "9"]
[EventCountry "GER"]
[SourceTitle "EXT 2022"]
[Source "ChessBase"]
[SourceDate "2021.10.06"]
[SourceVersion "1"]
[SourceVersionDate "2021.10.06"]
[SourceQuality "1"]

1. Nf3 Nf6 2. d4 e6 3. g3 d5 4. Bg2 c5 5. 0-0 Nc6 6. b3 cxd4 7. Nxd4 Bd7 8. Bb2 Be7 9. Nd2 0-0 10. c4 Nxd4 11. Bxd4 Bc6 12. Rc1 Qa5 13. Rc2 Rac8 14. Bc3 Qc7 15. Bxf6 Bxf6 16. cxd5 exd5 17. Bxd5 Qd7 18. Bxc6 Rxc6 19. Rxc6 Qxc6 20. Qc1 Qa6 1/2-1/2

[Event "Hessen-ch Seniors op 03rd"]
[Site "Bad Sooden-Allendorf"]
[Date "2007.05.02"]
[Round "5"]
[White "Kempf, Gerhard"]
[Black "Fromme, Werner"]
[Result "1/2-1/2"]
[WhiteElo "1549"]
[BlackElo "1665"]
[PlyCount "95"]
[EventDate "2007.04.27"]
[EventType "swiss"]
[EventRounds "9"]
[EventCountry "GER"]
[SourceTitle "EXT 2022"]
[Source "ChessBase"]
[SourceDate "2021.10.06"]
[SourceVersion "1"]
[SourceVersionDate "2021.10.06"]
[SourceQuality "1"]

1. d4 Nf6 2. c4 e6 3. Nc3 Bb4 4. Bd2 0-0 5. e3 b6 6. Nf3 Bb7 7. Be2 d6 8. a4 Bxc3 9. Bxc3 Ne4 10. 0-0 Nd7 11. Bd3 f5 12. Qb3 Nxc3 13. Qxc3 Bxf3 14. gxf3 Rf6 15. Kg2 Rg6+ 16. Kh1 Qh4 17. Rg1 Rxg1+ 18. Rxg1 Qxf2 19. Bf1 Rf8 20. Bg2 Rf6 21. Rf1 Qh4 22. Qe1 Qh5 23. Qg3 g5 24. f4 g4 25. b4 Rh6 26. e4 Qg6 27. e5 Qe8 28. exd6 cxd6 29. Re1 Qc8 30. Qd3 Nf6 31. Qe3 Nh5 32. c5 Qd8 33. d5 e5 34. fxe5 f4 35. Qd4 Qh4 36. Qd2 Ng3+ 37. Kg1 Qxh2+ 38. Kf2 Nf5 39. Rh1 Qg3+ 40. Kg1 Rxh1+ 41. Kxh1 Qh4+ 42. Kg1 f3 43. c6 fxg2 44. Qxg2 Qe1+ 45. Qf1 Qg3+ 46. Qg2 Qe1+ 47. Qf1 Qg3+ 48. Qg2 1/2-1/2

[Event "Hessen-ch Seniors op 03rd"]
[Site "Bad Sooden-Allendorf"]
[Date "2007.04.28"]
[Round "1"]
[White "Packroff, Hermann"]
[Black "Fromme, Werner"]
[Result "1/2-1/2"]
[WhiteElo "2044"]
[BlackElo "1665"]
[PlyCount "83"]
[EventDate "2007.04.27"]
[EventType "swiss"]
[EventRounds "9"]
[EventCountry "GER"]
[SourceTitle "EXT 2022"]
[Source "ChessBase"]
[SourceDate "2021.10.06"]
[SourceVersion "1"]
[SourceVersionDate "2021.10.06"]
[SourceQuality "1"]

1. d4 Nf6 2. Nf3 b6 3. g3 Bb7 4. Bg2 e6 5. c4 Bb4+ 6. Bd2 Bxd2+ 7. Nbxd2 a5 8. 0-0 d6 9. Qc2 Nbd7 10. b3 0-0 11. a3 c5 12. Rfd1 Qc7 13. e4 e5 14. d5 Rfe8 15. Nf1 Nf8 16. Nh4 Bc8 17. h3 g6 18. Ne3 h5 19. Kh2 Qe7 20. Rf1 N8h7 21. Nd1 Bd7 22. a4 Qf8 23. Nb2 Qg7 24. Rae1 Re7 25. Re2 Rae8 26. Rfe1 g5 27. Nf5 Bxf5 28. exf5 g4 29. h4 Nd7 30. Nd1 f6 31. Nc3 Nb8 32. Be4 Qh6 33. Re3 Rd8 34. Qe2 Rg7 35. Kg2 Na6 36. Rg1 Nc7 37. Kf1 Kf7 38. Ke1 Rdg8 39. Kd1 Nf8 40. Kc2 Nd7 41. Kb2 Ke7 42. Kc2 1/2-1/2

[Event "Hessen-ch Seniors op 02nd"]
[Site "Bad Sooden-Allendorf"]
[Date "2006.05.02"]
[Round "8"]
[White "Ahlberg, Guenter"]
[Black "Fromme, Werner"]
[Result "1-0"]
[WhiteElo "1916"]
[BlackElo "1691"]
[PlyCount "121"]
[EventDate "2006.04.25"]
[EventType "swiss"]
[EventRounds "9"]
[EventCountry "GER"]
[SourceTitle "EXT 2007"]
[Source "ChessBase"]
[SourceDate "2006.11.23"]
[SourceVersion "1"]
[SourceVersionDate "2006.11.23"]
[SourceQuality "1"]

1. e4 c5 2. Nf3 d6 3. Bb5+ Bd7 4. a4 Nc6 5. 0-0 Nf6 6. Re1 e5 7. d3 Be7 8. Nc3 0-0 9. Bg5 Ne8 10. Bxe7 Nxe7 11. Rb1 Nc7 12. b4 Nxb5 13. axb5 Qc7 14. bxc5 dxc5 15. Nd5 Nxd5 16. exd5 f6 17. c4 b6 18. Nd2 a5 19. bxa6 Rxa6 20. Ne4 Rb8 21. Nc3 Ra5 22. Qb3 Kf8 23. Rb2 Qa7 24. Reb1 Qa6 25. Qd1 Qa7 26. Qe2 Ra3 27. Ne4 Ra5 28. Qe3 Qc7 29. f3 Kg8 30. Rf2 Rba8 31. Rfb2 Ra1 32. Qc1 Rxb1 33. Qxb1 Ra6 34. h3 Qa7 35. Kh2 Qc7 36. g3 h6 37. Nc3 Qa7 38. g4 Qc7 39. Kg2 Qa7 40. Qc2 Ra5 41. Qb1 Ra6 42. Kf2 Kf7 43. Ra2 Rxa2+ 44. Qxa2 Qb7 45. Ne4 Ke7 46. Ke3 g6 47. Qb2 Qa7 48. f4 Qa5 49. Ke2 Qa7 50. fxe5 f5 51. gxf5 gxf5 52. Ng3 Qb8 53. Kf3 Qh8 54. Qe2 f4 55. Nh5 Bxh3 56. Nxf4 Bf5 57. d6+ Kd7 58. Qb2 Qg8 59. Qb5+ Kd8 60. Qxb6+ Ke8 61. Qb8+ 1-0

[Event "Hessen-ch Seniors op 01st"]
[Site "Bad Sooden-Allendorf"]
[Date "2005.04.30"]
[Round "9"]
[White "Fromme, Werner"]
[Black "Schmidt, Lothar"]
[Result "1/2-1/2"]
[WhiteElo "1673"]
[BlackElo "1956"]
[PlyCount "33"]
[EventDate "2005.04.22"]
[EventType "swiss"]
[EventRounds "9"]
[EventCountry "GER"]
[SourceTitle "EXT 2007"]
[Source "ChessBase"]
[SourceDate "2006.11.23"]
[SourceVersion "1"]
[SourceVersionDate "2006.11.23"]
[SourceQuality "1"]

1. d4 f5 2. Nf3 Nf6 3. g3 g6 4. c4 c6 5. Nc3 Bg7 6. Bg2 d6 7. Bf4 Nh5 8. Be3 0-0 9. Qb3 Qb6 10. d5 Qxb3 11. axb3 c5 12. Ng5 Na6 13. f4 Nb4 14. Kd2 a6 15. Bf3 Nf6 16. h4 h5 17. Nb5 1/2-1/2

[Event "Hessen-ch Seniors op 01st"]
[Site "Bad Sooden-Allendorf"]
[Date "2005.04.23"]
[Round "2"]
[White "Ousatchi, Mark"]
[Black "Fromme, Werner"]
[Result "1-0"]
[WhiteElo "2050"]
[BlackElo "1673"]
[PlyCount "59"]
[EventDate "2005.04.22"]
[EventType "swiss"]
[EventRounds "9"]
[EventCountry "GER"]
[SourceTitle "EXT 2007"]
[Source "ChessBase"]
[SourceDate "2006.11.23"]
[SourceVersion "1"]
[SourceVersionDate "2006.11.23"]
[SourceQuality "1"]

1. d4 Nf6 2. Nf3 e6 3. Bf4 b6 4. e3 Bb7 5. Nbd2 Ne4 6. Bd3 Nxd2 7. Qxd2 d5 8. 0-0 Nd7 9. Rfe1 Be7 10. e4 dxe4 11. Bxe4 Bxe4 12. Rxe4 0-0 13. Rae1 Bf6 14. c3 b5 15. h4 h5 16. Bg5 c6 17. Qe2 Bxg5 18. Nxg5 g6 19. Re3 Nf6 20. Qd3 Qd7 21. Rg3 Rae8 22. Nf3 Ng4 23. Ne5 Nxe5 24. Rxe5 Kh8 25. Qf3 Qd5 26. Qf6+ Kh7 27. Rxd5 cxd5 28. Rg5 Ra8 29. g4 hxg4 30. h5 1-0

[Event "Bad Sooden-Allendorf Seniors op 16th"]
[Site "Bad Sooden-Allendorf"]
[Date "2004.04.27"]
[Round "6"]
[White "Fromme, Werner"]
[Black "Scholze, Roland"]
[Result "1/2-1/2"]
[WhiteElo "1661"]
[BlackElo "2010"]
[PlyCount "45"]
[EventDate "2004.04.22"]
[EventType "swiss"]
[EventRounds "9"]
[EventCountry "GER"]
[SourceTitle "EXT 2006"]
[Source "ChessBase"]
[SourceDate "2005.11.24"]
[SourceVersion "1"]
[SourceVersionDate "2005.11.24"]
[SourceQuality "1"]

1. d4 e6 2. e4 d5 3. exd5 exd5 4. Bd3 Bd6 5. Ne2 Ne7 6. Bf4 Nbc6 7. Bxd6 Qxd6 8. c3 Bg4 9. h3 Bh5 10. Qd2 Bg6 11. Na3 a6 12. Nc2 0-0 13. 0-0 Rae8 14. Rae1 Bxd3 15. Qxd3 Ng6 16. Qg3 Qd7 17. Ne3 Nce7 18. Nf4 c6 19. Nd3 b6 20. f4 Nf5 21. Nxf5 Rxe1 22. Nh6+ gxh6 23. Rxe1 1/2-1/2

[Event "Mecklenburg VP-ch Seniors 01st"]
[Site "Plau am See"]
[Date "2001.10.05"]
[Round "1"]
[White "Weyrauch, Erich"]
[Black "Fromme, Werner"]
[Result "1-0"]
[WhiteElo "2160"]
[BlackElo "1731"]
[PlyCount "91"]
[EventDate "2001.10.??"]
[EventType "swiss"]
[EventRounds "9"]
[EventCountry "GER"]
[SourceTitle "EXT 2006"]
[Source "ChessBase"]
[SourceDate "2005.11.24"]
[SourceVersion "1"]
[SourceVersionDate "2005.11.24"]
[SourceQuality "1"]

1. e4 c5 2. Nf3 d6 3. Nc3 Nf6 4. d4 cxd4 5. Nxd4 a6 6. Bg5 e6 7. Qd2 Qc7 8. f3 Nbd7 9. g4 b5 10. a3 Bb7 11. Be2 Rc8 12. 0-0-0 Ne5 13. Bxf6 gxf6 14. f4 Nc4 15. Bxc4 Qxc4 16. Rhe1 h5 17. h3 b4 18. axb4 Qxb4 19. Kb1 Rb8 20. Nb3 Bc6 21. Qe3 Qb6 22. Qf3 a5 23. Rd4 Be7 24. Rc4 hxg4 25. hxg4 a4 26. Nxa4 Qa6 27. Rxc6 Qxc6 28. Nc3 Rc8 29. f5 Qc4 30. Rd1 Qb4 31. Rd4 Qb6 32. Qg2 Rb8 33. Rd1 Qe3 34. Ne2 Qh3 35. Qg1 Qf3 36. Ned4 Qxe4 37. Re1 Qd5 38. fxe6 fxe6 39. Nxe6 Qc4 40. Qa7 Kf7 41. Ng5+ Kg6 42. Qd7 Qd5 43. Ne6 Qb7 44. Nf4+ Kg5 45. Qf5+ Kh4 46. Ng6+ 1-0

[Event "Bevensen op Seniors 2nd "]
[Site "Bad Bevensen"]
[Date "1999.06.22"]
[Round "4"]
[White "Fromme, Werner"]
[Black "Metschan, Helmuth"]
[Result "0-1"]
[WhiteElo "1739"]
[BlackElo "1867"]
[PlyCount "90"]
[EventDate "1999.06.??"]
[EventType "swiss"]
[EventRounds "9"]
[EventCountry "GER"]
[SourceTitle "EXT 2006"]
[Source "ChessBase"]
[SourceDate "2005.11.24"]
[SourceVersion "1"]
[SourceVersionDate "2005.11.24"]
[SourceQuality "1"]

1. d4 d5 2. Nf3 Nf6 3. c4 c6 4. Nc3 e6 5. Bg5 Nbd7 6. e3 Be7 7. Bd3 h6 8. Bh4 0-0 9. 0-0 dxc4 10. Bxc4 b5 11. Bd3 Bb7 12. Rc1 a6 13. Qe2 c5 14. dxc5 Nxc5 15. Bb1 Rc8 16. a3 Re8 17. e4 Qb6 18. h3 b4 19. axb4 Qxb4 20. Rfd1 a5 21. Re1 Ba6 22. Qe3 Qxb2 23. Bxf6 Bxf6 24. e5 Be7 25. Bc2 Red8 26. Nd4 Qb4 27. Red1 Qb7 28. Rb1 Qc7 29. Ncb5 Bxb5 30. Nxb5 Rxd1+ 31. Rxd1 Qb8 32. Nd6 Rc6 33. Nxf7 Qb2 34. Bg6 Qb3 35. Qe2 a4 36. Rb1 Qc3 37. Qb5 Nd7 38. Rd1 Nf8 39. Qb1 a3 40. Kh2 a2 41. Qe4 Ra6 42. Bh5 a1Q 43. Nxh6+ gxh6 44. Rd3 Qxd3 45. Qxd3 Qxe5+ 0-1